Výsledky rozvoja národného hospodárstva a úlohy v boji za podstatné zvýšenie efektívnosti v priemysle 2. téma krúžkov pre štúdium národného hospodárstva v priemysle, prvý ročník

Bibliographic Details
Format: Book
Language:Slovak
PhysicalDescription:43 s. 22 cm
Published: Bratislava ÚV KSS 1957
Subjects:

MARC

LEADER 00000nam a2200000 a 4500
001 vtls001307208
003 SK-MaSNL
005 20260302032939.0
008 240226s1957 xo slo
020 |c 0,80 
035 |a SNK000259482 
035 |a urn:nbn:sk:snk-amk643 
035 |a urn:nbn:sk:snk-am004of9 
035 |a 5A0C731A-87A9-4CD9-8C77-BD49F8879138 
040 |a SNK  |b slo  |c SNK  |e AACR2 
041 0 |a slo 
044 |a xo  |c SK 
080 |a 329.15(437.6)  |2 1981 
245 0 0 |a Výsledky rozvoja národného hospodárstva a úlohy v boji za podstatné zvýšenie efektívnosti v priemysle  |b 2. téma krúžkov pre štúdium národného hospodárstva v priemysle, prvý ročník 
260 |a Bratislava  |b ÚV KSS  |c 1957 
300 |a 43 s.  |c 22 cm 
650 0 7 |a školenie stranícke  |y 1957-1958  |x príručky  |2 SNK  |9 682540 
852 |a Slovenská národná knižnica 
954 |a odborná, vedecká literatúra pôvodná (slovenská)  |2 lita 
958 |a OND 
958 |a EUIPO 
999 |c 1059366  |d 1061296 
952 |t P60, <03>, [BOOK], {603}  |a SNK  |b SNK  |y PREZ  |7 0  |p 17A0103888  |o snkSC 94320  |i snkD 1198/97  |0 0  |1 0  |4 0  |d 1997-10-23  |f 1  |l 0  |r 2025-09-12 00:00:00  |w 2026-02-24